[Event "Pobeskydy op"]
[Site "Frydek Mistek"]
[Date "2013.03.28"]
[Round "2"]
[White "Zasko, Grigory"]
[Black "Karhanek, Pavel"]
[Result "1-0"]
[WhiteElo "2149"]
[BlackElo "2030"]
[PlyCount "179"]
[EventDate "2013.03.28"]
[EventType "swiss"]
[EventRounds "9"]
[EventCountry "CZE"]
[SourceTitle "CBM 153 Extra"]
[Source "ChessBase"]
[SourceDate "2013.04.22"]
[SourceVersion "1"]
[SourceVersionDate "2013.04.22"]
[SourceQuality "1"]

1. Nf3 d5 2. g3 c6 3. Bg2 Bg4 4. 0-0 e6 5. d3 Nd7 6. Nbd2 Bd6 7. c4 Ne7 8. b3 0-0 9. Bb2 Bh5 10. a3 c5 11. cxd5 Nxd5 12. Nc4 Be7 13. Qc2 Rc8 14. Nce5 Nxe5 15. Bxe5 Bf6 16. Qb2 b6 17. Rfc1 Bxf3 18. Bxf3 Bxe5 19. Qxe5 Qf6 20. Qxf6 Nxf6 21. Rc2 Rc7 22. Rac1 Rfc8 23. b4 Kf8 24. d4 Nd7 25. dxc5 bxc5 26. b5 Nb6 27. Ra1 Ke7 28. a4 Nd5 29. Rc4 h6 30. Rac1 Kd6 31. a5 Rb8 32. e4 Ne7 33. Rd1+ Ke5 34. Rb1 Nc8 35. Be2 g5 36. Rc3 Kxe4 37. Rbc1 Kd5 38. Bf3+ Kd6 39. Rd1+ Ke7 40. Bc6 a6 41. Rxc5 axb5 42. Rxb5 Rxb5 43. Bxb5 Nd6 44. Bd3 Nc8 45. a6 Na7 46. Rb1 Kd7 47. g4 Kd6 48. Rb3 Rc1+ 49. Bf1 Ra1 50. Rh3 Nc6 51. Rxh6 Ne5 52. Rh3 Nxg4 53. Rg3 Ne5 54. h3 f6 55. Kg2 Ng6 56. Bb5 Kc5 57. Rb3 Nf4+ 58. Kh2 Ra5 59. Bf1 Ra1 60. Bb5 Ra5 61. Bf1 Nd5 62. Rb7 Kc6 63. Rf7 Kb6 64. Kg3 f5 65. Rg7 Ra3+ 66. Kh2 Nc7 67. Rxg5 Nxa6 68. Bc4 Nc5 69. Bxe6 Nxe6 70. Rg6 Kc5 71. Rxe6 Kd5 72. Re8 Rb3 73. h4 Ra3 74. Re3 Ra1 75. h5 Rb1 76. h6 Rb7 77. Kg3 Rh7 78. Kf4 Rxh6 79. Kxf5 Rh5+ 80. Kg6 Rh1 81. f4 Rg1+ 82. Kf6 Rg8 83. f5 Rf8+ 84. Kg6 Rg8+ 85. Kf7 Rg1 86. f6 Kd6 87. Kf8 Kd7 88. f7 Rg2 89. Rd3+ Ke6 90. Ke8 1-0

[Event "Liberec op 13th"]
[Site "Liberec"]
[Date "2012.10.26"]
[Round "8"]
[White "Novy, Filip"]
[Black "Karhanek, Pavel"]
[Result "1-0"]
[WhiteElo "1824"]
[BlackElo "2088"]
[PlyCount "51"]
[EventDate "2012.10.20"]
[EventType "swiss"]
[EventRounds "9"]
[EventCountry "CZE"]
[SourceTitle "EXT 2013"]
[Source "ChessBase"]
[SourceDate "2012.11.22"]
[SourceVersion "1"]
[SourceVersionDate "2012.11.22"]
[SourceQuality "1"]

1. e4 d5 2. exd5 Qxd5 3. Nc3 Qa5 4. d4 c6 5. Nf3 Nf6 6. Bc4 Bf5 7. 0-0 e6 8. Re1 Bd6 9. Qe2 Nbd7 10. a3 Qc7 11. h3 0-0 12. Bg5 h6 13. Bh4 g5 14. Nxg5 hxg5 15. Bxg5 Rfe8 16. Qf3 Nh7 17. Bh6 Bf8 18. Bf4 Qd8 19. Ne4 Ndf6 20. Qg3+ Kh8 21. Be5 Bxe4 22. Rxe4 Bg7 23. Rh4 Kg8 24. Bd3 Nf8 25. Qg5 N8d7 26. Rh7 1-0

[Event "Liberec op 13th"]
[Site "Liberec"]
[Date "2012.10.23"]
[Round "5"]
[White "Karhanek, Pavel"]
[Black "Dambrauskas, Virginijus A"]
[Result "0-1"]
[WhiteElo "2088"]
[BlackElo "2328"]
[PlyCount "64"]
[EventDate "2012.10.20"]
[EventType "swiss"]
[EventRounds "9"]
[EventCountry "CZE"]
[SourceTitle "EXT 2013"]
[Source "ChessBase"]
[SourceDate "2012.11.22"]
[SourceVersion "1"]
[SourceVersionDate "2012.11.22"]
[SourceQuality "1"]

1. d4 d6 2. Bf4 Nf6 3. h3 g6 4. Nf3 Bg7 5. e3 c5 6. c3 b6 7. Nbd2 0-0 8. Be2 Bb7 9. 0-0 Nc6 10. Bh2 Qd7 11. Re1 Rac8 12. a3 Rfd8 13. Bc4 h6 14. Qe2 Qc7 15. Ba6 Bxa6 16. Qxa6 Qd7 17. Qe2 e6 18. Rad1 cxd4 19. exd4 Ne7 20. Ne4 Nxe4 21. Qxe4 Qc6 22. Qe2 b5 23. Bf4 Nd5 24. Bd2 Qc4 25. Qe4 Qb3 26. Bc1 Nf6 27. Qb1 a5 28. Nd2 Qd5 29. Nf1 Qc6 30. Ne3 Nd5 31. Ng4 h5 32. Ne3 Rd7 0-1

[Event "Liberec op 13th"]
[Site "Liberec"]
[Date "2012.10.20"]
[Round "1"]
[White "Suchomel, Tomas"]
[Black "Karhanek, Pavel"]
[Result "1-0"]
[WhiteElo "1750"]
[BlackElo "2088"]
[PlyCount "61"]
[EventDate "2012.10.20"]
[EventType "swiss"]
[EventRounds "9"]
[EventCountry "CZE"]
[SourceTitle "EXT 2013"]
[Source "ChessBase"]
[SourceDate "2012.11.22"]
[SourceVersion "1"]
[SourceVersionDate "2012.11.22"]
[SourceQuality "1"]

1. e4 g6 2. d4 Bg7 3. Nc3 c6 4. Be3 d5 5. e5 h5 6. f4 Nh6 7. h3 b6 8. Nf3 Ba6 9. Bxa6 Nxa6 10. Qd2 e6 11. 0-0-0 Nf5 12. Bf2 h4 13. Ne2 Bf8 14. g4 hxg3 15. Nxg3 Nxg3 16. Bxg3 Be7 17. c3 Qd7 18. Qe2 Qb7 19. h4 Rh5 20. Ng5 Bxg5 21. hxg5 Rxh1 22. Rxh1 0-0-0 23. Rh7 Rg8 24. f5 gxf5 25. Qh5 Qd7 26. Rxf7 Qe8 27. g6 c5 28. Qe2 Nc7 29. Qh5 Na6 30. Qh7 cxd4 31. Rxa7 1-0

[Event "Stare Mesto op"]
[Site "Stare Mesto"]
[Date "2012.08.15"]
[Round "7"]
[White "Stehlik, Jiri"]
[Black "Karhanek, Pavel"]
[Result "1/2-1/2"]
[WhiteElo "2007"]
[BlackElo "2208"]
[PlyCount "24"]
[EventDate "2012.08.10"]
[EventType "swiss"]
[EventRounds "10"]
[EventCountry "CZE"]
[SourceTitle "CBM 149 Extra"]
[Source "ChessBase"]
[SourceDate "2012.08.24"]
[SourceVersion "1"]
[SourceVersionDate "2012.08.24"]
[SourceQuality "1"]

1. Nf3 d5 2. d4 Nf6 3. g3 c6 4. Bg2 Bg4 5. h3 Bh5 6. 0-0 Nbd7 7. Nbd2 e6 8. b3 Bd6 9. Bb2 0-0 10. Ne5 Qe7 11. c4 Ba3 12. Bxa3 Qxa3 1/2-1/2

[Event "Plzen op 3rd"]
[Site "Plzen"]
[Date "2011.11.23"]
[Round "6"]
[White "Karhanek, Pavel"]
[Black "Frayssinet, Frank"]
[Result "1-0"]
[WhiteElo "2207"]
[BlackElo "1994"]
[PlyCount "63"]
[EventDate "2011.11.19"]
[EventType "swiss"]
[EventRounds "9"]
[EventCountry "CZE"]
[SourceTitle "CBM 145 Extra"]
[Source "ChessBase"]
[SourceDate "2012.01.03"]
[SourceVersion "1"]
[SourceVersionDate "2012.01.03"]
[SourceQuality "1"]

1. d4 Nf6 2. Bf4 c5 3. e3 cxd4 4. exd4 Qb6 5. Nc3 d6 6. Nf3 Bg4 7. Bb5+ Bd7 8. Bxd7+ Nbxd7 9. Rb1 e6 10. 0-0 Be7 11. Be3 d5 12. Bf4 0-0 13. Re1 Rac8 14. Ne5 Nxe5 15. Bxe5 Rc4 16. Re3 Nd7 17. b3 Rcc8 18. Bf4 Bf6 19. Ne2 Qa6 20. a4 b5 21. axb5 Qxb5 22. Rh3 Qc6 23. Rc1 e5 24. dxe5 Bxe5 25. Bxe5 Nxe5 26. Nf4 Ng6 27. Nxd5 Rfd8 28. Rd3 Kf8 29. Qd2 Ne5 30. Rd4 Qg6 31. Kh1 Qf5 32. Qb4+ 1-0

[Event "Liberec op 12th"]
[Site "Liberec"]
[Date "2011.10.28"]
[Round "8"]
[White "Mickiewicz, Piotr"]
[Black "Karhanek, Pavel"]
[Result "0-1"]
[WhiteElo "2386"]
[BlackElo "2155"]
[PlyCount "72"]
[EventDate "2011.10.22"]
[EventType "swiss"]
[EventRounds "9"]
[EventCountry "CZE"]
[SourceTitle "EXT 2012"]
[Source "ChessBase"]
[SourceDate "2011.11.24"]
[SourceVersion "1"]
[SourceVersionDate "2011.11.24"]
[SourceQuality "1"]

1. e4 g6 2. d4 Bg7 3. Nc3 c6 4. Nf3 d5 5. h3 Nf6 6. e5 Nfd7 7. Bf4 e6 8. Qd2 h6 9. 0-0-0 b6 10. h4 a6 11. h5 g5 12. Be3 c5 13. dxc5 Nxc5 14. b4 Nb7 15. Na4 Nd7 16. Bd4 b5 17. Nc3 Qe7 18. a3 Nd8 19. Re1 Bb7 20. Bd3 Rc8 21. Nh2 Nc6 22. Nxd5 exd5 23. e6 fxe6 24. Bxg7 Qxg7 25. Rxe6+ Kd8 26. Kb1 Nce5 27. Re1 Rc6 28. Rxc6 Bxc6 29. Qc3 Qf6 30. Bf1 Rf8 31. Qe3 Qxf2 32. Qc1 Qf4 33. Qb2 Qxh2 34. Qd4 Qf4 35. Qd1 Nc4 36. Bd3 Qd2 0-1

[Event "Liberec op 12th"]
[Site "Liberec"]
[Date "2011.10.27"]
[Round "6"]
[White "Vlasak, Lukas"]
[Black "Karhanek, Pavel"]
[Result "1/2-1/2"]
[WhiteElo "2319"]
[BlackElo "2155"]
[PlyCount "60"]
[EventDate "2011.10.22"]
[EventType "swiss"]
[EventRounds "9"]
[EventCountry "CZE"]
[SourceTitle "EXT 2012"]
[Source "ChessBase"]
[SourceDate "2011.11.24"]
[SourceVersion "1"]
[SourceVersionDate "2011.11.24"]
[SourceQuality "1"]

1. e4 d5 2. exd5 Qxd5 3. Nc3 Qd6 4. d4 Nf6 5. Nf3 a6 6. Bc4 Bf5 7. 0-0 e6 8. Re1 Be7 9. d5 b5 10. Bb3 b4 11. dxe6 bxc3 12. exf7+ Kf8 13. Nd4 Bg4 14. f3 c5 15. fxg4 Qxd4+ 16. Qxd4 cxd4 17. bxc3 Nc6 18. cxd4 Bb4 19. Rf1 Rd8 20. Bb2 Nxg4 21. c3 Bd6 22. h3 Nf6 23. Rfe1 h5 24. Re2 Ne7 25. Rf1 Rh6 26. Bc1 Rg6 27. Re6 Nd7 28. Rxg6 Nxg6 29. Rf5 Nf6 30. Bg5 Be7 1/2-1/2

[Event "Liberec op 12th"]
[Site "Liberec"]
[Date "2011.10.22"]
[Round "1"]
[White "Karhanek, Pavel"]
[Black "Plaettner, Stefan"]
[Result "0-1"]
[WhiteElo "2155"]
[BlackElo "1788"]
[PlyCount "109"]
[EventDate "2011.10.22"]
[EventType "swiss"]
[EventRounds "9"]
[EventCountry "CZE"]
[SourceTitle "EXT 2012"]
[Source "ChessBase"]
[SourceDate "2011.11.24"]
[SourceVersion "1"]
[SourceVersionDate "2011.11.24"]
[SourceQuality "1"]

1. d4 d6 2. Bf4 Nf6 3. h3 c6 4. c3 Nbd7 5. Nf3 Qc7 6. e3 a6 7. Be2 g6 8. 0-0 Bg7 9. c4 e5 10. Bh2 0-0 11. c5 Ne4 12. cxd6 Qxd6 13. dxe5 Qxd1 14. Rxd1 Re8 15. Na3 b5 16. Rac1 c5 17. Bd3 f5 18. exf6 Ndxf6 19. Nd2 Bb7 20. Nxe4 Nxe4 21. Rc2 c4 22. Be2 Rad8 23. Rxd8 Rxd8 24. Nb1 Kf7 25. Bc7 Rd7 26. Bb6 Be5 27. a4 Bc6 28. axb5 axb5 29. Bf3 Kg7 30. g3 Bb7 31. Ba5 Nc5 32. Kg2 Bxf3+ 33. Kxf3 Nd3 34. Na3 Bxb2 35. Nxb5 Rd5 36. Bc3+ Bxc3 37. Nxc3 Rf5+ 38. Ke4 Rxf2 39. Ne2 Ne1 40. Ra2 Nf3 41. Ra7+ Kh6 42. Nf4 c3 43. Rc7 c2 44. Nd3 Ng5+ 45. Ke5 Rf3 46. Rxc2 Rxe3+ 47. Kd4 Rxg3 48. h4 Rg4+ 49. Kd5 Rxh4 50. Ne5 Kh5 51. Rc7 Rh1 52. Rc8 Rd1+ 53. Kc5 Nf3 54. Nc6 Rc1+ 55. Kd6 0-1

[Event "Zdar nad Sazavou Vysocina op 8th"]
[Site "Zdar nad Sazavou"]
[Date "2011.10.01"]
[Round "9"]
[White "Bradac, Roman"]
[Black "Karhanek, Pavel"]
[Result "0-1"]
[WhiteElo "2038"]
[BlackElo "2155"]
[PlyCount "48"]
[EventDate "2011.09.24"]
[EventType "swiss"]
[EventRounds "9"]
[EventCountry "CZE"]
[SourceTitle "CBM 144 Extra"]
[Source "ChessBase"]
[SourceDate "2011.10.28"]
[SourceVersion "1"]
[SourceVersionDate "2011.10.28"]
[SourceQuality "1"]

1. c4 c6 2. Nf3 d5 3. e3 Nf6 4. Nc3 a6 5. a4 e6 6. d4 c5 7. Be2 Nc6 8. 0-0 Be7 9. dxc5 Bxc5 10. cxd5 exd5 11. Qb3 Qb6 12. Qxb6 Bxb6 13. Rd1 Nb4 14. a5 Bd8 15. Nd4 0-0 16. Bf3 Re8 17. Ra4 Be7 18. Na2 Nc6 19. Nxc6 bxc6 20. e4 dxe4 21. Bxe4 Nxe4 22. Rxe4 Bf5 23. Re5 Be6 24. Be3 Bxa2 0-1

[Event "Zdar nad Sazavou Vysocina op 8th"]
[Site "Zdar nad Sazavou"]
[Date "2011.09.27"]
[Round "4"]
[White "Lorenc, Oldrich"]
[Black "Karhanek, Pavel"]
[Result "1/2-1/2"]
[WhiteElo "2080"]
[BlackElo "2155"]
[PlyCount "82"]
[EventDate "2011.09.24"]
[EventType "swiss"]
[EventRounds "9"]
[EventCountry "CZE"]
[SourceTitle "CBM 144 Extra"]
[Source "ChessBase"]
[SourceDate "2011.10.28"]
[SourceVersion "1"]
[SourceVersionDate "2011.10.28"]
[SourceQuality "1"]

1. e4 g6 2. d4 Bg7 3. Nf3 d6 4. Bc4 e6 5. 0-0 Ne7 6. c3 a6 7. a4 b6 8. Bg5 h6 9. Bxe7 Qxe7 10. Nbd2 0-0 11. Qe2 Nd7 12. e5 Bb7 13. Rfe1 Rfd8 14. exd6 cxd6 15. Rad1 Nf6 16. h3 Qd7 17. Nf1 Nd5 18. Ra1 Rdc8 19. Bxd5 Bxd5 20. Ne3 Bb7 21. Red1 b5 22. axb5 axb5 23. Nc2 Qd8 24. Nb4 Qf6 25. d5 Rxa1 26. Rxa1 Rc5 27. Ra5 Bxd5 28. Nxd5 Rxd5 29. Rxb5 Rxb5 30. Qxb5 Qf4 31. Qe2 d5 32. g3 Qd6 33. Qb5 Kh7 34. Qe8 Qc7 35. Kg2 e5 36. h4 d4 37. cxd4 exd4 38. Qe4 Qd6 39. Ne1 f5 40. Qf3 h5 41. Nd3 Qe6 1/2-1/2

[Event "Stare Mesto op"]
[Site "Stare Mesto"]
[Date "2011.08.20"]
[Round "10"]
[White "Chudinovskih, Alexander N"]
[Black "Karhanek, Pavel"]
[Result "1/2-1/2"]
[WhiteElo "2302"]
[BlackElo "2119"]
[PlyCount "114"]
[EventDate "2011.08.12"]
[EventType "swiss"]
[EventRounds "10"]
[EventCountry "CZE"]
[SourceTitle "CBM 143 Extra"]
[Source "ChessBase"]
[SourceDate "2011.08.29"]
[SourceVersion "1"]
[SourceVersionDate "2011.08.29"]
[SourceQuality "1"]

1. e4 g6 2. d4 Bg7 3. Nc3 c6 4. Bc4 d5 5. exd5 b5 6. Bb3 b4 7. Nce2 cxd5 8. a3 bxa3 9. Rxa3 Nf6 10. Nf3 0-0 11. Ne5 Bb7 12. 0-0 Nbd7 13. Nf4 e6 14. Nfd3 Nxe5 15. Nxe5 Ne4 16. c3 Qe7 17. Nd3 Rfc8 18. Ra2 Bc6 19. Re1 Qd8 20. f3 Nd6 21. Bf4 Bb5 22. Ne5 a5 23. Bc2 Nc4 24. Nxc4 Bxc4 25. b3 Bb5 26. Bd2 Qc7 27. f4 Ra6 28. Qf3 Bf6 29. g4 Bg7 30. Kh1 Qd7 31. Rea1 Rca8 32. h3 R8a7 33. Kh2 Qc8 34. Kg3 Bf8 35. h4 Bd6 36. Kg2 Bd7 37. h5 e5 38. fxe5 Bxg4 39. Qg3 Be7 40. hxg6 hxg6 41. Rh1 Bf8 42. Raa1 Bg7 43. Qh4 Bh5 44. Qg3 Rc7 45. Rae1 Rac6 46. Bd3 Rb7 47. Rb1 Rcb6 48. Bc2 a4 49. b4 Rxb4 50. Rxb4 Rxb4 51. cxb4 Qxc2 52. Qe3 Bh6 53. Qxh6 Qe4+ 54. Kh2 Qe2+ 55. Kg3 Qf3+ 56. Kh2 Qf2+ 57. Kh3 Qf3+ 1/2-1/2